| 000 | 00859cab a2200301 4500 | ||
|---|---|---|---|
| 001 | X1354 | ||
| 008 | 090401t1994 xxu||||| |||| 00| 0 eng d | ||
| 035 | _a(Sirsi) u16419 | ||
| 041 | _aeng | ||
| 245 | _aSeveral Red Book amendments could be on your doorstep shortly | ||
| 260 | _c1994 | ||
| 350 | _a0 | ||
| 490 |
_aCSM (Chartered Surveyor Monthly) _v3(6) March 1994, 46(1) |
||
| 650 | _aASSET VALUATIONS | ||
| 650 | _aCASH CONSIDERATION | ||
| 650 | _aDEVELOPMENT | ||
| 650 | _aRICS APPRAISAL AND VALUATION MANUAL | ||
| 650 | _aSAVP NO 14 | ||
| 650 | _aSAVP NO 2 | ||
| 650 | _aSAVP NO 20 | ||
| 650 | _aSAVP NO 4 | ||
| 650 | _aSTOCK EXCHANGE CIRCULARS | ||
| 650 | _aSTOCK EXCHANGE PROSPECTUSES | ||
| 650 | _aVALUATION CERTIFICATES | ||
| 690 | _aMANAGEMENT-BUSINESS MANAGEMENT-PROFESSIONAL PRACTICE | ||
| 942 | _n0 | ||
| 948 | _c04/03/1997 | ||
| 999 |
_c10805 _d10805 |
||